Modelovanie vybraných obrábacích strojov

Guardado en:
Detalles Bibliográficos
Autor principal: Hevier, Ján, 1988- (Autor)
Otros Autores: Mikoláš, Juraj, 1985- (Orientador)
Formato: Manuscrito Libro
Lenguaje:eslovaco
Publicado: Trnava : STU v Bratislave MTF UVTE KOM, 2010
Materias:
Acceso en línea:VAIS
Etiquetas: Agregar Etiqueta
Sin Etiquetas, Sea el primero en etiquetar este registro!

MARC

LEADER 00000ntm a22000003a 4500
001 stu217435
005 20160719160412.6
008 101126s2010----xo------------------slo-d
040 |a STU  |b slo 
041 0 |a slo 
044 |a xo 
100 1 |a Hevier, Ján,  |d 1988-  |4 aut  |X 48563  |7 A000048563 
242 0 0 |a Modeling selected machine  |y eng 
245 1 |a Modelovanie vybraných obrábacích strojov 
260 |a Trnava :  |b STU v Bratislave MTF UVTE KOM,  |c 2010 
650 7 |a počítačová podpora výrobných technológií  |2 stusub 
650 7 |a Computing Support of Manufacturing Technologies  |2 estusub 
650 7 |a obrábacie stroje  |2 stusub 
650 7 |a rozdelenie  |2 stusub 
650 7 |a modelovanie  |2 stusub 
650 7 |a machine tool  |2 estusub 
700 1 |a Mikoláš, Juraj,  |d 1985-  |4 ths  |u M3000  |U MTF Materiálovotechnologická fakulta  |T MTF Ústav výrobných technológií  |X 34931  |U M3000  |Y 83  |7 A000034931 
856 4 |a info a plný text  |u http://is.stuba.sk/zp/portal_zp.pl?podrobnosti=47181  |3 VAIS 
996 |c M*BP-5060  |l MMSKP  |s P  |a 0  |w stu217435_0001